00774nam a2200169 a 450000100100000000500170001000800410002704000250006824501260009326000360021930000270025570000290028271000600031195201050037195201110047699900170058700003827920201002031221.0130408s1991 dr a 000 0 spa d aDO-SdBNPbspacBNPHU00aProduccion agropecuaria y FMI :bpanel organizado por coloquio agropecuario /cpanelistas Carlos Ascuasiati ...[et. al.]. aSanto Domingo :bCEPAE ,c1991. a58 p. :bil. ;c20 cm.1 aAscuasiati, Carlos985091 aCentro de Planificación y Acción Ecuménica954119 0010718PDaPDbPDcHDd2013-04-08iLF1l0o p38279-10r2020-06-25w2020-06-25yLFPDZNo se presta 0010718PDaPDbPDcHDd2013-04-18iLF1l0o p38279-20r2020-06-25te. 2w2020-06-25yLFPDZNo se presta c37769d37769